000
00327nam a2200145Ia 4500
008
230312s9999||||xx |||||||||||||| ||und||
020
_a
81-203-0974-X
082
_a
005.43
_b
TAN
100
_a
Tanenbaum Andrew, S.
245
0
_a
Modern Operating Systems
300
_a
728
546
_a
Eng.
650
_a
Computer
942
_c
BK
999
_c
2954
_d
2954